[Event "Mechanics' Wilkerson Mem TNM; 30/90, SD"]
[Site "San Francisco"]
[Date "2009.09.08"]
[Round "6.23"]
[White "Allen, Tom"]
[Black "Morgan, Jerry"]
[Result "0-1"]
[WhiteElo "1526"]
[BlackElo "1414"]
[PlyCount "116"]
[EventDate "2009.??.??"]

1. e4 c6 2. Nc3 d5 3. Nf3 Bg4 4. h3 Bh5 5. d4 dxe4 6. Nxe4 Bxf3 7. Qxf3 Qxd4 8.
Be3 Qxb2 9. Bc4 Qb4+ 10. Nd2 Nf6 11. O-O e6 12. Rab1 Qa5 13. Rxb7 Nbd7 14. Qxc6
Bc5 15. Nb3 Qd8 16. Bxc5 Rc8 17. Qa4 a5 18. Re1 Rc7 19. Bxe6 fxe6 20. Rxe6+ Kf7
21. Rxc7 Kxe6 22. Rc6+ Kf7 23. Qc4+ Kg6 24. Qg4+ Kf7 25. Qe6+ Kg6 26. Be3 Re8
27. Qg4+ Kf7 28. Qc4+ Kg6 29. Rd6 Qe7 30. Qf4 Qe5 31. Qg4+ Kf7 32. Rxd7+ Nxd7
33. Qxd7+ Re7 34. Qd2 a4 35. Nd4 Rb7 36. Bf4 Qe4 37. Nf3 Qf5 38. Ne5+ Ke6 39.
g4 Qe4 40. f3 Qd5 41. Qxd5+ Kxd5 42. c4+ Kd4 43. c5 Kxc5 44. Be3+ Kd5 45. Nd3
Kc4 46. Nc1 Rb2 47. Bf4 Rc2 48. h4 g6 49. Kf1 Kd5 50. Ke1 Ke6 51. Bd2 Kd5 52.
Ke2 Kd4 53. Kd1 Rb2 54. f4 Ke4 55. Ne2 Kd3 56. f5 Rxd2+ 57. Ke1 Rxe2+ 58. Kf1
gxf5 0-1

[Event "Mechanics' Wilkerson Mem TNM; 30/90, SD"]
[Site "San Francisco"]
[Date "2009.09.29"]
[Round "9.20"]
[White "Allen, Tom"]
[Black "Nelson, Christopher"]
[Result "1/2-1/2"]
[WhiteElo "1526"]
[BlackElo "1563"]
[PlyCount "89"]
[EventDate "2009.??.??"]

1. e4 e6 2. d4 d5 3. Nd2 Nf6 4. e5 Ne4 5. Bd3 Nxd2 6. Bxd2 c5 7. c3 Nc6 8. Nf3
Be7 9. O-O O-O 10. Qc2 g6 11. dxc5 f5 12. exf6 Bxf6 13. Bxg6 hxg6 14. Qxg6+ Bg7
15. Bh6 Qf6 16. Qxf6 Rxf6 17. Bg5 Rf7 18. Rad1 Bd7 19. Rfe1 Raf8 20. Bh4 Bh6
21. Nd4 Re8 22. Nb5 Bf4 23. Bg3 Ne7 24. Bxf4 Rxf4 25. Nc7 Ref8 26. Nxe6 Bxe6
27. Rxe6 Re4 28. Rxe4 dxe4 29. Rd7 Nf5 30. Rxb7 Rd8 31. h3 Rd1+ 32. Kh2 Rd2 33.
c6 Rxf2 34. Rd7 Nh4 35. Kg3 e3 36. Kxh4 e2 37. Re7 Kf8 38. Re4 Kg7 39. c7 Rf4+
40. Kg5 Rxe4 41. c8=Q e1=Q 42. Qd7+ Re7 43. Qd4+ Re5+ 44. Kf4 Kf6 45. Qd8+
1/2-1/2

[Event "Mechanics' Winter TNM; 30/90, SD/30"]
[Site "San Francisco"]
[Date "2009.02.03"]
[Round "5.21"]
[White "Allen, Tom"]
[Black "Royzen, Igor"]
[Result "0-1"]
[WhiteElo "1539"]
[BlackElo "1715"]
[PlyCount "52"]
[EventDate "2009.??.??"]

1. e4 c5 2. b4 cxb4 3. Bc4 e6 4. Qe2 Nc6 5. Nf3 Be7 6. d4 d5 7. exd5 exd5 8.
Bb5 Nf6 9. O-O O-O 10. a3 Bg4 11. Bxc6 bxc6 12. Nbd2 Re8 13. Qa6 Qb6 14. Qd3
Bd6 15. Rb1 a5 16. axb4 axb4 17. c4 Qa6 18. Bb2 Qc8 19. cxd5 Bf5 20. Qb3 Bxb1
21. Rxb1 cxd5 22. Rc1 Qd7 23. Ne5 Qb5 24. Ndf3 Ne4 25. Ne1 Nd2 26. Qc2 Qf1# 0-1

[Event "Mechanics' Spring TNM; 30/90, SD/30"]
[Site "San Francisco"]
[Date "2009.03.17"]
[Round "2"]
[White "Allen, Tom"]
[Black "Sandberg, Evan"]
[Result "0-1"]
[WhiteElo "1570"]
[BlackElo "2009"]
[PlyCount "34"]
[EventDate "2009.??.??"]

1. e4 c5 2. b4 cxb4 3. a3 d5 4. exd5 Nf6 5. axb4 Nxd5 6. c3 g6 7. Nf3 Bg7 8.
Bc4 O-O 9. O-O Nxb4 10. Qb3 Nd3 11. Ba3 Nc6 12. Bxf7+ Rxf7 13. Ng5 e6 14. Nxf7
Kxf7 15. Bc1 Nce5 16. f4 Ng4 17. h3 Bd4+ 0-1

[Event "Mechanics' Fall TNM; 30/90, SD/30"]
[Site "San Francisco"]
[Date "2009.12.08"]
[Round "8.26"]
[White "Allen, Tom"]
[Black "Starr, Albert"]
[Result "1-0"]
[WhiteElo "1550"]
[BlackElo "1464"]
[PlyCount "85"]
[EventDate "2009.??.??"]

1. e4 e5 2. Nf3 Nf6 3. Nxe5 d6 4. Nxf7 Kxf7 5. d4 Be7 6. Nc3 Re8 7. Bc4+ Kf8 8.
Qf3 Nc6 9. Be3 Qd7 10. h3 Bd8 11. g4 Qe7 12. g5 Be6 13. gxf6 Qxf6 14. Qxf6+
Bxf6 15. d5 Bxc3+ 16. bxc3 Ne5 17. Be2 Bf7 18. Rb1 b6 19. Bb5 Reb8 20. f4 Ng6
21. Bc6 Nh4 22. Kf2 a5 23. Bxa8 Rxa8 24. Bd4 Re8 25. Rbe1 h6 26. f5 g5 27. fxg6
Nxg6 28. c4 Bg8 29. Rhf1 Ke7 30. e5 dxe5 31. Bxe5 Kd7 32. Bg3 Ne7 33. Re3 Kc8
34. Rfe1 Rf8+ 35. Kg2 Nxd5 36. cxd5 Bxd5+ 37. Kg1 Rf7 38. a3 Rg7 39. Kh2 h5 40.
Re7 Rg5 41. Rxc7+ Kd8 42. Rh7 Bf3 43. Bh4 1-0

[Event "Mechanics' Summer TNM; 30/90, SD/30"]
[Site "San Francisco"]
[Date "2009.06.02"]
[Round "2.14"]
[White "Allen, Tom"]
[Black "Todortsev, Victor"]
[Result "0-1"]
[WhiteElo "1573"]
[BlackElo "1936"]
[PlyCount "68"]
[EventDate "2009.??.??"]

1. e4 c5 2. d4 cxd4 3. c3 dxc3 4. Nxc3 e6 5. Nf3 a6 6. e5 d5 7. Bd3 Nc6 8. O-O
Nge7 9. Bf4 Ng6 10. Bg3 b5 11. a3 Bb7 12. Rc1 Be7 13. Bb1 Rc8 14. Re1 Na5 15.
Ba2 Nc4 16. Bxc4 bxc4 17. Nd4 O-O 18. Rb1 Qc7 19. Kh1 Bg5 20. Qg4 Qe7 21. f4
Bh4 22. Re3 Bxg3 23. hxg3 Rcd8 24. Rd1 Qc5 25. f5 exf5 26. Qxf5 Bc8 27. Qg5 Be6
28. Re2 h6 29. Qh5 Qc8 30. Nxe6 Qxe6 31. Qh3 d4 32. Qxe6 fxe6 33. Red2 d3 34.
Re1 Rf5 0-1

[Event "Mechanics' Wilkerson Mem TNM; 30/90, SD"]
[Site "San Francisco"]
[Date "2009.09.01"]
[Round "5.11"]
[White "Anderson, Michael"]
[Black "Ramachandran, Jayakrishnan"]
[Result "0-1"]
[WhiteElo "1924"]
[BlackElo "1869"]
[PlyCount "32"]
[EventDate "2009.??.??"]

1. e4 e5 2. Nf3 Nc6 3. Bc4 Bc5 4. b4 Bxb4 5. c3 Bc5 6. d4 exd4 7. O-O Nge7 8.
cxd4 Bb6 9. Ng5 d5 10. exd5 Na5 11. d6 Nxc4 12. dxe7 Qxd4 13. Nd2 Qxa1 14. Qa4+
Bd7 15. Qxc4 Qf6 16. Ndf3 Be6 0-1

[Event "Mechanics' Wilkerson Mem TNM; 30/90, SD"]
[Site "San Francisco"]
[Date "2009.08.18"]
[Round "3.11"]
[White "Anderson, Michael"]
[Black "Salvo, Tab"]
[Result "1/2-1/2"]
[WhiteElo "1924"]
[BlackElo "1698"]
[PlyCount "54"]
[EventDate "2009.??.??"]

1. e4 c5 2. c3 d5 3. exd5 Qxd5 4. d4 e6 5. Nf3 cxd4 6. cxd4 Nf6 7. a3 a6 8. Nc3
Qd6 9. g3 Be7 10. Bg2 O-O 11. O-O Nc6 12. Re1 h6 13. b4 Bd8 14. Bf4 Qd7 15. Ne5
Nxe5 16. dxe5 Qxd1 17. Raxd1 Nh7 18. Ne4 Rb8 19. h4 Be7 20. Nf6+ Kh8 21. Nd7
Bxd7 22. Rxd7 Rfe8 23. Bxb7 Nf8 24. Rxe7 Rxe7 25. Bxa6 Rc7 26. Re3 Nd7 27. Re4
Nb6 {remainder illegible} 1/2-1/2

[Event "Mechanics' Wilkerson Mem TNM; 30/90, SD"]
[Site "San Francisco"]
[Date "2009.08.04"]
[Round "2.17"]
[White "Anderson, Michael"]
[Black "Starr, Albert"]
[Result "1-0"]
[WhiteElo "1924"]
[BlackElo "1465"]
[PlyCount "75"]
[EventDate "2009.??.??"]

1. e4 e5 2. Nf3 Nf6 3. Nxe5 d6 4. Nf3 Nxe4 5. d4 Be7 6. Bd3 Nf6 7. h3 O-O 8.
O-O h6 9. c4 c6 10. Nc3 Nbd7 11. Bf4 Nb6 12. Re1 Be6 13. b3 Qd7 14. Qd2 Rfe8
15. Bxh6 Bxh3 16. Qg5 Qg4 17. Nh4 Qxg5 18. Bxg5 Be6 19. Nf5 Rad8 20. Nxe7+ Rxe7
21. d5 Nbd7 22. dxe6 fxe6 23. Bf5 e5 24. Rad1 Nf8 25. Ne4 d5 26. Nxf6+ gxf6 27.
Bxf6 Rf7 28. Bxd8 Rxf5 29. cxd5 c5 30. d6 Nd7 31. Rd5 b6 32. Re4 Kf7 33. f4 Ke6
34. Rexe5+ Nxe5 35. Rxe5+ Rxe5 36. fxe5 b5 37. Ba5 Kd7 38. g4 1-0

[Event "Mechanics' Fall TNM; 30/90, SD/30"]
[Site "San Francisco"]
[Date "2009.11.03"]
[Round "3.22"]
[White "Andries, Craig"]
[Black "Evans, Nicholas"]
[Result "1-0"]
[WhiteElo "1932"]
[BlackElo "1500"]
[PlyCount "51"]
[EventDate "2009.??.??"]

1. e4 e5 2. Nf3 d6 3. d3 Nc6 4. c3 Nf6 5. Nbd2 b6 6. g3 d5 7. Bg2 Ba6 8. Qa4
Bb7 9. Nxe5 Qd6 10. Ndf3 a6 11. Nxc6 Bxc6 12. e5 Bxa4 13. exd6 Bxd6 14. Bg5 Nd7
15. Nd4 c6 16. Nf5 Be5 17. d4 Bc2 18. Ne3 Bxd4 19. Nxc2 Be5 20. O-O O-O 21.
Rfe1 Rfe8 22. Nb4 Nb8 23. Bf4 f6 24. Bd2 a5 25. Nxd5 cxd5 26. Bxd5+ 1-0

[Event "Mechanics' Fall TNM; 30/90, SD/30"]
[Site "San Francisco"]
[Date "2009.11.24"]
[Round "6.13"]
[White "Andries, Craig"]
[Black "Gonda, Thomas"]
[Result "1-0"]
[WhiteElo "1932"]
[BlackElo "1618"]
[PlyCount "39"]
[EventDate "2009.??.??"]

1. Nf3 d5 2. d3 c5 3. Nbd2 Nc6 4. g3 e5 5. Bg2 Be6 6. O-O f6 7. c3 Bd6 8. e4
Nge7 9. d4 cxd4 10. cxd4 Nxd4 11. Nxd4 exd4 12. exd5 Bxd5 13. Bxd5 Nxd5 14.
Qh5+ Kf8 15. Qxd5 Qc7 16. Ne4 Rd8 17. Qb3 Be5 18. Bd2 Qc6 19. Bb4+ Ke8 20. Rac1
1-0

[Event "Mechanics' Summer TNM; 30/90, SD/30"]
[Site "San Francisco"]
[Date "2009.06.09"]
[Round "3.16"]
[White "Andries, Craig"]
[Black "Lara, Jaime"]
[Result "1-0"]
[WhiteElo "1866"]
[BlackElo "1670"]
[PlyCount "115"]
[EventDate "2009.??.??"]

1. Nf3 d5 2. d3 Nf6 3. g3 Bg4 4. Nbd2 e6 5. Bg2 Be7 6. O-O Nbd7 7. Re1 O-O 8.
e4 dxe4 9. dxe4 c6 10. h3 Bh5 11. e5 Nd5 12. a3 Qc7 13. Qe2 Rac8 14. Nf1 Rfe8
15. c4 N5b6 16. Bf4 a5 17. g4 Bg6 18. h4 h6 19. h5 Bh7 20. g5 Bxg5 21. Nxg5
hxg5 22. Bxg5 Qxe5 23. Qxe5 Nxe5 24. Rxe5 f6 25. Rxa5 fxg5 26. Ne3 e5 27. Rd1
Rc7 28. c5 Nd7 29. Nc4 e4 30. Nd6 Rf8 31. Bxe4 Nf6 32. Bg6 Re7 33. Ra7 Rb8 34.
b4 Kf8 35. Rd3 Bg8 36. Re3 Rc7 37. a4 Bd5 38. a5 Rd7 39. a6 bxa6 40. Rxa6 Rc7
41. Re5 g4 42. Kh2 Nd7 43. Rf5+ Ke7 44. Rf4 Nf6 45. Ra3 Rf8 46. Re3+ Kd8 47.
Rf5 Ra7 48. Rfe5 Rh8 49. Kg3 Rf8 50. Nf5 Rg8 51. Ne7 Rf8 52. b5 Bf3 53. Rxf3
Rxe7 54. Rxe7 Kxe7 55. Re3+ Kd8 56. b6 Rh8 57. Ra3 Ke7 58. Ra7+ 1-0

[Event "Mechanics' Fall TNM; 30/90, SD/30"]
[Site "San Francisco"]
[Date "2009.12.15"]
[Round "9.12"]
[White "Andries, Craig"]
[Black "Leavens, Weston"]
[Result "1-0"]
[WhiteElo "1932"]
[BlackElo "1812"]
[Annotator "Donaldson"]
[PlyCount "85"]
[EventDate "2009.??.??"]

1. g3 c5 2. d3 d5 3. Nd2 Nc6 4. Bg2 Nf6 5. Ngf3 Bf5 6. O-O e5 7. Nh4 Qd7 8. c4
Bh3 9. cxd5 Bxg2 10. Nxg2 Nxd5 11. a3 Be7 12. Nf3 O-O 13. Bd2 h6 14. Qb3 Nf6
15. Ne3 Nd4 16. Nxd4 exd4 17. Ng2 b6 18. Rad1 Rad8 19. Nf4 Kh7 20. e4 dxe3 21.
Bxe3 g5 22. Ng2 Qh3 23. f3 Kg8 24. Bf2 Qf5 25. d4 cxd4 26. Rxd4 Bc5 27. g4 Qc8
28. Rxd8 Bxf2+ 29. Rxf2 Rxd8 30. Ne3 Qc5 31. Nf5 Rd2 32. Qe3 Qxe3 33. Nxe3 Rxf2
34. Kxf2 h5 35. h3 hxg4 36. hxg4 Kf8 37. Ke2 Ke7 38. Kd3 Ke6 39. Kd4 Nd7 40. b4
Ne5 41. Ke4 b5 42. Nd5 Kd6 43. Nc7 $1 1-0

[Event "Mechanics' Fall TNM; 30/90, SD/30"]
[Site "San Francisco"]
[Date "2009.11.17"]
[Round "5.19"]
[White "Andries, Craig"]
[Black "Macintyre, Brendan"]
[Result "1-0"]
[WhiteElo "1932"]
[BlackElo "1667"]
[PlyCount "61"]
[EventDate "2009.??.??"]

1. e4 c5 2. d3 Nc6 3. Nf3 g6 4. g3 Bg7 5. Bg2 d5 6. Nbd2 Bg4 7. h3 Bxf3 8. Bxf3
Nf6 9. O-O Rc8 10. Re1 dxe4 11. dxe4 O-O 12. Bg2 Qc7 13. c3 b5 14. Qe2 a6 15.
e5 Nd7 16. e6 Nf6 17. Nf3 h6 18. Bf4 Qa7 19. Rad1 Rcd8 20. exf7+ Rxf7 21. Rxd8+
Nxd8 22. Ne5 g5 23. Nxf7 Kxf7 24. Be5 Bf8 25. Bxf6 Kxf6 26. Qe5+ Kf7 27. Bf3
Bg7 28. Bh5+ Kf8 29. Qd5 Qb6 30. Qd7 Bf6 31. Qe8+ 1-0

[Event "Mechanics' Summer TNM; 30/90, SD/30"]
[Site "San Francisco"]
[Date "2009.06.25"]
[Round "5.8"]
[White "Andries, Craig"]
[Black "Margulis, Igor"]
[Result "0-1"]
[WhiteElo "1866"]
[BlackElo "2115"]
[PlyCount "90"]
[EventDate "2009.??.??"]

1. e4 g6 2. d3 Bg7 3. Nd2 c5 4. Ngf3 Nc6 5. g3 e6 6. Bg2 d5 7. O-O Nge7 8. Re1
O-O 9. c3 b5 10. e5 a5 11. a3 Qc7 12. Qe2 Ba6 13. Nf1 b4 14. Bf4 Rab8 15. axb4
cxb4 16. h4 bxc3 17. bxc3 Rb3 18. Rec1 Rfb8 19. N1d2 Rb2 20. g4 Nc8 21. Bf1 Bf8
22. h5 Nb6 23. hxg6 fxg6 24. Ng5 Qd7 25. Qe1 a4 26. c4 Bb4 27. c5 Nc8 28. Rxa4
Bb5 29. Raa1 Nd4 30. Qd1 Bxd2 31. Bxd2 Nb3 32. Bc3 Nxa1 33. Rxa1 Bc6 34. Bxb2
Rxb2 35. Qc1 Rb4 36. Be2 h6 37. Nh3 g5 38. Qc3 Qb7 39. Qc1 Qc7 40. Qe3 d4 41.
Qg3 Qb7 42. Rf1 Rb2 43. Re1 Rxe2 44. f4 Rg2+ 45. Qxg2 Bxg2 0-1

[Event "Mechanics' Summer TNM; 30/90, SD/30"]
[Site "San Francisco"]
[Date "2009.05.26"]
[Round "1.19"]
[White "Andries, Craig"]
[Black "Morgan, Jerry"]
[Result "1-0"]
[WhiteElo "1866"]
[BlackElo "1406"]
[PlyCount "45"]
[EventDate "2009.??.??"]

1. e4 c6 2. d3 d5 3. Nd2 e5 4. Ngf3 Qc7 5. g3 Nf6 6. Bg2 Bg4 7. O-O Nbd7 8.
exd5 cxd5 9. Re1 Bd6 10. h3 Bh5 11. g4 Bg6 12. Nh4 Nb6 13. f4 Bxd3 14. cxd3 O-O
15. fxe5 Bxe5 16. Nf5 Qc5+ 17. Kh1 Rae8 18. Rxe5 g6 19. Nh6+ Kg7 20. Nf3 Qf2
21. Qd2 Qg3 22. Qg5 Nbd7 23. Nf5+ 1-0

[Event "Mechanics' Summer TNM; 30/90, SD/30"]
[Site "San Francisco"]
[Date "2009.07.07"]
[Round "7.8"]
[White "Andries, Craig"]
[Black "Sandberg, Evan"]
[Result "0-1"]
[WhiteElo "1866"]
[BlackElo "2053"]
[PlyCount "52"]
[EventDate "2009.??.??"]

1. Nf3 Nf6 2. d3 d5 3. Nbd2 Bg4 4. g3 Nbd7 5. Bg2 e5 6. h3 Bh5 7. O-O c6 8. c4
Bc5 9. cxd5 cxd5 10. Nh4 O-O 11. Ndf3 Bxf3 12. Bxf3 e4 13. Bg2 Qb6 14. Nf5 Qe6
15. g4 h5 16. Qd2 e3 17. fxe3 hxg4 18. d4 gxh3 19. Bxh3 Ne4 20. Qe1 Qg6+ 21.
Kh1 Qh5 22. Nh4 Bd6 23. Rg1 Ndf6 24. Kg2 Bg3 25. Nf3 Bxe1 26. Rxe1 Qg6+ 0-1

[Event "Mechanics' Wilkerson Mem TNM; 30/90, SD"]
[Site "San Francisco"]
[Date "2009.08.25"]
[Round "4.11"]
[White "Argishti, Dante"]
[Black "Beilin, Allen"]
[Result "1-0"]
[WhiteElo "2046"]
[BlackElo "1713"]
[PlyCount "129"]
[EventDate "2009.??.??"]

1. Nf3 d5 2. c4 c6 3. e3 Nf6 4. Nc3 e6 5. Qc2 Nbd7 6. d4 Be7 7. Bd3 dxc4 8.
Bxc4 b5 9. Bd3 Bb7 10. e4 h6 11. e5 Nd5 12. Nxd5 cxd5 13. O-O a6 14. Qe2 Qb6
15. Be3 Rc8 16. Nd2 Nb8 17. Qg4 g6 18. Rac1 Nc6 19. Nb3 h5 20. Qh3 Kd7 21. Qf3
Nd8 22. a3 Rc6 23. Rxc6 Bxc6 24. Bd2 Qb8 25. Rc1 Qa7 26. Nc5+ Ke8 27. b4 Qb6
28. Nb3 Qa7 29. Be3 Qb8 30. Na5 Qb6 31. Qe2 Kd7 32. Rc3 Ba8 33. Qf3 Bb7 34. h3
Ke8 35. Nb3 Nc6 36. Qe2 Kd7 37. Nc5+ Ke8 38. Qc2 Bxc5 39. Rxc5 Kd7 40. Qe2 Rc8
41. Qf3 Nd8 42. Bg5 Rxc5 43. bxc5 Qc7 44. Qf6 Kc8 45. Qh8 Bc6 46. Qf8 Qd7 47.
Bxd8 Qxd8 48. Qxf7 Qe8 49. Bxg6 Qxf7 50. Bxf7 Kd7 51. Bxh5 a5 52. Bd1 a4 53. h4
b4 54. axb4 a3 55. Bb3 Kd8 56. h5 Ke7 57. h6 Kf7 58. g4 Bb5 59. f4 Bc4 60. c6
Bxb3 61. h7 Kg7 62. h8=Q+ Kxh8 63. c7 a2 64. c8=Q+ Kg7 65. Qc3 1-0

[Event "Mechanics' Summer TNM; 30/90, SD/30"]
[Site "San Francisco"]
[Date "2009.07.14"]
[Round "8.1"]
[White "Argishti, Dante"]
[Black "Fuentes, Romulo"]
[Result "0-1"]
[WhiteElo "2046"]
[BlackElo "2093"]
[PlyCount "92"]
[EventDate "2009.??.??"]

1. d4 Nf6 2. c4 e6 3. Nc3 c5 4. d5 exd5 5. cxd5 Bd6 6. Nf3 O-O 7. g3 Re8 8. Bg2
a6 9. a4 Bc7 10. O-O d6 11. h3 Nbd7 12. Bf4 Ba5 13. Nd2 Nf8 14. Nc4 Bc7 15. e4
Ng6 16. Bg5 Rb8 17. f4 b5 18. axb5 axb5 19. Bxf6 gxf6 20. Nd2 b4 21. Ncb1 f5
22. exf5 Bxf5 23. Nc4 Qf6 24. Ra7 Rbc8 25. Qd2 Re7 26. Qf2 Rce8 27. Nbd2 Bd3
28. Rc1 Re2 29. Qf3 Qd4+ 30. Kh2 Rf2 31. Nb3 Rxf3 32. Nxd4 Rf2 33. Kg1 Rxg2+
34. Kxg2 Bb8 35. Ra8 cxd4 36. Nb6 Kg7 37. Kf2 Re2+ 38. Kf3 Re3+ 39. Kf2 Re2+
40. Kg1 Bc2 41. Rxb8 d3 42. Nc4 d2 43. Nxd2 Rxd2 44. Rxb4 Bd1 45. Rb7 Bf3 46.
Rc3 Bxd5 0-1

[Event "Mechanics' Fall TNM; 30/90, SD/30"]
[Site "San Francisco"]
[Date "2009.11.10"]
[Round "4.4"]
[White "Argishti, Dante"]
[Black "Fuentes, Romulo"]
[Result "0-1"]
[WhiteElo "2032"]
[BlackElo "2163"]
[PlyCount "76"]
[EventDate "2009.??.??"]

1. Nf3 c5 2. c4 Nf6 3. Nc3 Nc6 4. g3 d5 5. cxd5 Nxd5 6. Bg2 Nc7 7. d3 e5 8. Nd2
Bd7 9. Nde4 f5 10. Bg5 Qc8 11. Nd2 Ne6 12. f4 h6 13. Bh4 g5 14. e4 gxh4 15.
Qh5+ Kd8 16. Nd5 Ned4 17. Qf7 Be7 18. O-O Be6 19. Qg7 Rg8 20. Qh7 hxg3 21. fxe5
gxh2+ 22. Kh1 Qd7 23. Nc4 Bg5 24. Qxd7+ Kxd7 25. a4 Raf8 26. Kxh2 f4 27. Bh3
Bxh3 28. Kxh3 Nb4 29. Nd6 Nxd3 30. b4 Be7 31. Nxe7 Kxe7 32. bxc5 Rg3+ 33. Kh2
Rfg8 34. Nf5+ Nxf5 35. exf5 R8g5 36. f6+ Ke6 37. Rxf4 Nxf4 38. f7 Rh3# 0-1

[Event "Mechanics' Fall TNM; 30/90, SD/30"]
[Site "San Francisco"]
[Date "2009.12.08"]
[Round "8.4"]
[White "Argishti, Dante"]
[Black "Jelinek, Jules"]
[Result "1-0"]
[WhiteElo "2032"]
[BlackElo "2131"]
[PlyCount "84"]
[EventDate "2009.??.??"]

1. d4 b5 2. e4 Bb7 3. Bd3 e6 4. Nf3 a6 5. O-O c5 6. d5 Qc7 7. c4 b4 8. Re1 h6
9. b3 e5 10. Nh4 d6 11. a3 a5 12. Nd2 Be7 13. Nf5 Bf6 14. Bb2 g6 15. Ne3 Nd7
16. Ra2 h5 17. g3 g5 18. Nf5 Nh6 19. Nf1 Nxf5 20. exf5 g4 21. Nd2 Ke7 22. Ne4
Rag8 23. Bc1 h4 24. Be3 Rg7 25. axb4 axb4 26. Be2 hxg3 27. fxg3 Rhg8 28. Qd3
Rh7 29. Nf2 Bg5 30. Nxg4 Nf6 31. Nxf6 Kxf6 32. Rea1 Bc8 33. Rf1 Qd8 34. Ra8 Qf8
35. Bxg5+ Rxg5 36. Rf2 Qh8 37. Qf3 Rh4 38. Kh1 Rd4 39. Qe3 Rg8 40. Bf3 Qh3 41.
Be2 Rh8 42. Ra1 Rf4 1-0

[Event "Mechanics' Wilkerson Mem TNM; 30/90, SD"]
[Site "San Francisco"]
[Date "2009.09.15"]
[Round "7.8"]
[White "Argishti, Dante"]
[Black "Leavens, Weston"]
[Result "1-0"]
[WhiteElo "2046"]
[BlackElo "1803"]
[PlyCount "109"]
[EventDate "2009.??.??"]

1. c4 f5 2. Nf3 Nf6 3. g3 g6 4. Bg2 Bg7 5. Nc3 c6 6. O-O d6 7. d4 O-O 8. Re1
Qc7 9. Qb3 Be6 10. Ng5 Bf7 11. e4 fxe4 12. Nxf7 Rxf7 13. Bh3 Kh8 14. Be6 Rf8
15. Nxe4 Nbd7 16. Ng5 h6 17. Nf7+ Kh7 18. Qe3 Rxf7 19. Bxf7 e5 20. Be6 exd4 21.
Qxd4 Ne5 22. Rxe5 dxe5 23. Qh4 Rf8 24. Be3 Qd6 25. Bh3 c5 26. Re1 b6 27. Bf1
Ng8 28. Be2 Qf6 29. Qe4 Qf5 30. Qb7 Rf7 31. Qc6 e4 32. g4 Qe5 33. Rb1 Nf6 34.
a4 Rc7 35. Qb5 Bf8 36. Kg2 Bd6 37. Rh1 Qe6 38. h3 Nd7 39. a5 Be5 40. Rd1 Nf6
41. b4 bxa5 42. bxc5 Bc3 43. Rd6 Qe7 44. Qb8 Rd7 45. Rxd7 Qxd7 46. Qa8 Qc7 47.
c6 a4 48. Bxa7 Ba5 49. Bb8 Qc8 50. Qa7+ Kg8 51. Qxa5 Qxb8 52. Qxa4 Qc7 53. c5
Kf8 54. f3 Nd5 55. Qa8+ 1-0

[Event "Mechanics' Summer TNM; 30/90, SD/30"]
[Site "San Francisco"]
[Date "2009.05.26"]
[Round "1.9"]
[White "Argishti, Dante"]
[Black "Oca, Homer"]
[Result "1-0"]
[WhiteElo "2046"]
[BlackElo "1685"]
[PlyCount "75"]
[EventDate "2009.??.??"]

1. d4 h6 2. e4 a6 3. c4 e6 4. Nf3 c5 5. d5 d6 6. Nc3 e5 7. h3 g5 8. Be3 Bg7 9.
Be2 Nd7 10. Qc2 Ne7 11. Nd2 Nf6 12. O-O-O Ng6 13. g3 Bd7 14. Rdf1 Qc8 15. h4
Ng4 16. Bxg4 Bxg4 17. hxg5 h5 18. Na4 Qc7 19. Qb3 b5 20. cxb5 axb5 21. Qxb5+
Bd7 22. Qb6 Qc8 23. Nc3 Ra6 24. Qb3 h4 25. Nc4 Qc7 26. Nb5 Qd8 27. Ncxd6+ Kf8
28. gxh4 Rxh4 29. Rxh4 Nxh4 30. f4 Ng2 31. Bxc5 Kg8 32. fxe5 Qxg5+ 33. Kb1 Qxe5
34. Bd4 Bxb5 35. Bxe5 Bxf1 36. Bxg7 Kxg7 37. Qg3+ Kf8 38. Nf5 1-0

[Event "Mechanics' Summer TNM; 30/90, SD/30"]
[Site "San Francisco"]
[Date "2009.06.09"]
[Round "3.7"]
[White "Argishti, Dante"]
[Black "Ochoa, Jason"]
[Result "1-0"]
[WhiteElo "2046"]
[BlackElo "1900"]
[PlyCount "91"]
[EventDate "2009.??.??"]

1. d4 Nf6 2. c4 g6 3. Nc3 Bg7 4. e4 d6 5. Be2 O-O 6. Be3 Nc6 7. h3 e5 8. d5 Nb4
9. Nf3 a5 10. O-O h6 11. a3 Na6 12. b4 b6 13. Qd2 Kh7 14. Rfb1 a4 15. Bd3 Bd7
16. Qc2 Nh5 17. Nxa4 Qf6 18. Nh2 Nf4 19. Nc3 Bxh3 20. gxh3 Qg5+ 21. Kf1 Qg2+
22. Ke1 Qxh2 23. Kd2 Qxh3 24. Rh1 Qd7 25. Rag1 c5 26. dxc6 Qxc6 27. b5 Qb7 28.
bxa6 Rxa6 29. a4 Ra7 30. Rb1 Ra6 31. Nd5 Rfa8 32. Nxb6 Re8 33. Nd5 Qc6 34. Nb4
Qxa4 35. Nxa6 Qxa6 36. Ra1 Qc6 37. Qa4 Qc8 38. Qb5 Qe6 39. Ra7 h5 40. Qd7 Rf8
41. Qxe6 fxe6 42. Rd7 Ra8 43. Rxd6 Ra2+ 44. Bc2 Bf8 45. Rd7+ Kg8 46. c5 1-0

[Event "Mechanics' Wilkerson Mem TNM; 30/90, SD"]
[Site "San Francisco"]
[Date "2009.09.29"]
[Round "9.5"]
[White "Argishti, Dante"]
[Black "Ramachandran, Jayakrishnan"]
[Result "1-0"]
[WhiteElo "2046"]
[BlackElo "1869"]
[PlyCount "61"]
[EventDate "2009.??.??"]

1. d4 Nf6 2. c4 e6 3. Nc3 d5 4. Bg5 Be7 5. Nf3 Nbd7 6. Qc2 O-O 7. e3 b6 8. Bd3
h6 9. Bf4 a6 10. cxd5 exd5 11. O-O Bb7 12. Rac1 c5 13. Bf5 Re8 14. Rfd1 c4 15.
Ne5 Nf8 16. Qe2 b5 17. a3 Bd6 18. Qf3 Ne6 19. h3 Nxf4 20. exf4 Bf8 21. Re1 Qb6
22. Rcd1 a5 23. g4 b4 24. axb4 axb4 25. Ne2 Qd6 26. g5 hxg5 27. fxg5 Ne4 28.
Bxe4 dxe4 29. Qxf7+ Kh8 30. Qh5+ Kg8 31. g6 1-0

[Event "Mechanics' Wilkerson Mem TNM; 30/90, SD"]
[Site "San Francisco"]
[Date "2009.08.04"]
[Round "2.9"]
[White "Argishti, Dante"]
[Black "Salvo, Tab"]
[Result "0-1"]
[WhiteElo "2046"]
[BlackElo "1698"]
[PlyCount "114"]
[EventDate "2009.??.??"]

1. d4 d6 2. c4 c5 3. Nf3 cxd4 4. Nxd4 Nf6 5. Nc3 e6 6. g3 Be7 7. Bg2 O-O 8. O-O
a6 9. Qb3 Qc7 10. Na4 Nbd7 11. Bd2 Rb8 12. Rac1 Nc5 13. Qb6 Bd8 14. Qxc7 Bxc7
15. Nxc5 dxc5 16. Nb3 b6 17. Rfd1 Bb7 18. f3 Be5 19. Bc3 Bxc3 20. Rxc3 Rbd8 21.
Rcd3 Rxd3 22. Rxd3 Rb8 23. Rd6 Ba8 24. e4 Kf8 25. e5 Ke7 26. a4 a5 27. Nd2 Ne8
28. Rd3 f5 29. g4 g6 30. gxf5 exf5 31. f4 Bxg2 32. Kxg2 Rd8 33. Rxd8 Kxd8 34.
Nf3 Ke7 35. Ng5 h6 36. Nf3 Ng7 37. Kg3 Nh5+ 38. Kf2 Nxf4 39. Ke3 g5 40. -- Ke6
41. h4 Ng6 42. hxg5 hxg5 43. -- g4 44. Ng5+ Kxe5 45. Nf7+ Ke6 46. Nd8+ Kd7 47.
Nf7 Ke7 48. Ng5 Kf6 49. Nh7+ Ke5 50. Ng5 f4+ 51. Kd3 g3 52. Nf3+ Kf5 53. Ng1
Ne5+ 54. Kc3 Ke4 55. b3 f3 56. Kd2 f2 57. Ne2 f1=Q 0-1

[Event "Mechanics' Summer TNM; 30/90, SD/30"]
[Site "San Francisco"]
[Date "2009.06.25"]
[Round "5.2"]
[White "Argishti, Dante"]
[Black "Shakhnazarov, Oleg"]
[Result "0-1"]
[WhiteElo "2046"]
[BlackElo "2184"]
[PlyCount "78"]
[EventDate "2009.??.??"]

1. d4 e6 2. c4 Be7 3. Nf3 d6 4. Nc3 g5 5. e4 Nd7 6. Be2 g4 7. Nd2 h5 8. h3 gxh3
9. Rxh3 h4 10. f4 c5 11. d5 e5 12. f5 Ngf6 13. Nf3 Nh5 14. Nxe5 Nxe5 15. Bxh5
Nxc4 16. Be2 Ne5 17. Bf4 Bf6 18. Qa4+ Bd7 19. Bb5 a6 20. Bxd7+ Qxd7 21. Qc2 b5
22. O-O-O O-O-O 23. Rdh1 Qe7 24. Bxe5 Qxe5 25. Kb1 Rhg8 26. Nd1 Rg4 27. Re3
Rdg8 28. Re2 Kb7 29. Rhe1 c4 30. a4 Rg3 31. Nc3 b4 32. Nd1 Rc8 33. Re3 Bg5 34.
Rxg3 hxg3 35. Rh1 Qd4 36. a5 c3 37. Rh7 cxb2 38. Rxf7+ Kb8 39. Qxb2 Qxd1+ 0-1